000 00379pam a2200157a 44500
008 230515b2018 xxu||||| |||| 00| 0 eng d
020 _a978-93-5270-542-8
041 _aENGLISH
082 _a618.2/DUT
100 _aD.C.DUTTA & HIRALAL KONAR
245 _aOBSSTETRICS
250 _a9
260 _aNEW DELHI
_bJAYPEE BROTHERS
_c2018
300 _a660
650 _aOBSSTETRICS
999 _c502675
_d502675